[Event "MGL-ch Men 2018"]
[Site "Archangai-Aimag"]
[Date "2018.05.25"]
[Round "7"]
[White "Bilguun, Sumiya"]
[Black "Enkhnar, Enkhbaatar"]
[Result "1-0"]
[WhiteElo "2481"]
[BlackElo "2401"]
[Annotator "TA"]
[PlyCount "57"]
[EventType "tourn"]
[EventCountry "MGL"]
[SourceTitle "playchess.com"]
[Source "ChessBase"]
[SourceQuality "1"]

{[%evp 17,57,57,59,59,68,80,114,113,129,116,119,110,175,165,167,166,149,86,177,125,122,108,100,97,149,149,143,153,141,148,140,131,164,148,368,364,408,404,397,395,425,416]} 1. e4 c5 2. Nf3 Nc6 3. d4 cxd4 4. Nxd4 e5 5. Nb5 a6 6. Nd6+ Bxd6 7. Qxd6 Qf6 8. Qd1 Nge7 9. Nc3 O-O {LiveBook: 3 Games. B32: Sicilian: Löwenthal and Kalashnikov Variations} 10. Be3 (10. Bd3 d6 11. O-O Be6 12. f4 exf4 13. Bxf4 Qd4+ 14. Kh1 Ne5 15. Qe1 Nxd3 16. cxd3 Ng6 17. Qe3 Qxe3 {½-½ (17) Bauer,C (2592)-Markos,J (2557) Kallithea 2008}) 10... Nd4 11. Qd2 b5 {[#]White is better.} 12. O-O-O $1 Ne6 $146 ({Predecessor:} 12... b4 13. Ne2 Ndc6 14. Ng3 Qe6 15. b3 h6 16. Bc4 Qg4 17. Bc5 {1-0 (65) Martinez,C (1932)-Jacon,M (1800) FICGS email 2010}) 13. g3 Bb7 14. f4 ({Stronger than} 14. Qxd7 Bc6 $15) 14... d5 (14... b4 $16 15. Nd5 Nxd5 16. exd5 exf4 17. gxf4 Nc7) 15. Nxd5 $18 Nxd5 16. exd5 exf4 17. Bxf4 (17. gxf4 $142 Rac8 18. Bg2) 17... Rac8 {[#]} (17... Nxf4 $16 18. Qxf4 Qxf4+ 19. gxf4 Rfe8) 18. Bg2 ({Better is} 18. Be3 $1 $18) 18... Nxf4 $16 19. Qxf4 Qxf4+ 20. gxf4 Rc4 (20... Rfe8 $142) 21. Rhe1 Rd8 22. Re4 Rc5 23. Red4 Kf8 24. b3 {[%cal Bb2b3,Bb3b4][%mdl 32]} Ke8 25. Kb2 Kd7 $2 (25... Rd6 $16 26. c4 Rh6) 26. b4 $18 Rc4 27. Rxc4 bxc4 28. Kc3 Re8 29. Rd2 {Precision: White = 96%, Black = 35%.} 1-0

[Event "MGL-ch Men 2018"]
[Site "Archangai-Aimag"]
[Date "2018.05.25"]
[Round "7"]
[White "Munkhgal, Gombosuren"]
[Black "Amartuvshin, Ganzorig"]
[Result "1-0"]
[WhiteElo "2435"]
[BlackElo "2146"]
[Annotator "TA"]
[PlyCount "67"]
[EventType "tourn"]
[EventCountry "MGL"]
[SourceTitle "playchess.com"]
[Source "ChessBase"]
[SourceQuality "1"]

{[%evp 24,67,25,12,85,89,83,84,84,89,109,103,89,92,102,132,131,102,130,121,139,111,160,92,226,203,245,231,243,221,274,225,445,454,391,283,288,296,250,145,754,762,743,725,1013,1004]} 1. d4 Nf6 2. Nf3 g6 3. g3 Bg7 4. Bg2 O-O 5. c4 d6 6. Nc3 Nbd7 7. O-O e5 8. e4 exd4 9. Nxd4 Re8 10. Re1 Nc5 11. h3 Bd7 12. Bf4 h6 13. Qc2 {[#] LiveBook: 24 Partien. E68: Königsindisch (Hauptvariante des g3-Systems mit e2-e4)} a5 $146 (13... Nfxe4 $11 {hält das Gleichgewicht.} 14. Nxe4 Bxd4) ({Vorgänger:} 13... Qc8 14. Kh2 Ne6 15. Nxe6 Bxe6 16. Nd5 Nd7 17. Rad1 Ne5 18. Bd2 c6 19. Ne3 b5 20. Bc3 bxc4 21. Rxd6 {1-0 (36) Navara,D (2726)-Markus,R (2644) Heraklio 2017}) 14. Rad1 $16 Qc8 15. Kh2 {Weiß steht besser.} h5 16. b3 {[%cal Bb2b3,Bb3b4][%mdl 32]} h4 {[#]} 17. g4 $1 a4 18. b4 Ne6 19. Be3 Nh7 20. Nd5 a3 21. Qd2 Bc6 22. f4 Qd8 23. g5 (23. Nxe6 $142 Rxe6 24. g5) 23... Ra4 (23... Bxd4 $16 {kämpft weiter.} 24. Bxd4 Nxd4) 24. Nf3 f6 25. Nxh4 {zielt auf gxf6 ab.} fxg5 26. Nxg6 {Und f5 würde nun gewinnen.} gxf4 27. Ngxf4 Nf6 $2 {[#]} (27... Ra8 28. Nxe6 Rxe6) 28. Nxe6 $18 Rxe6 29. Bg5 Re5 30. Kh1 Ra8 31. h4 (31. Rg1 $18) 31... Qf8 $2 {[%mdl 8192]} (31... Bxd5 $16 32. exd5 Qe8) 32. Nxf6+ {Weiß steht klar auf Gewinn.} Bxf6 33. Rf1 Re6 34. Bxf6 {Precision: Weiß = 67%, Schwarz = 16%.} 1-0

[Event "MGL-ch Men 2018"]
[Site "Archangai-Aimag"]
[Date "2018.05.25"]
[Round "7"]
[White "Battulga, Namkhai"]
[Black "Erdene, Ganzorig"]
[Result "1-0"]
[WhiteElo "2404"]
[BlackElo "2299"]
[Annotator "ChessBase"]
[PlyCount "20"]
[EventType "tourn"]
[EventCountry "MGL"]
[SourceTitle "playchess.com"]
[Source "ChessBase"]
[SourceQuality "1"]
[TimeControl "40/5400+30:1800+30"]

1. e4 {[%emt 0:42:10]} c6 {[%emt 0:00:05]} 2. c4 {[%emt 0:00:00]} d5 {[%emt 0:00:05]} 3. exd5 {[%emt 0:00:00]} cxd5 4. cxd5 {[%emt 0:00:00]} Nf6 {[%emt 0:00:08]} 5. Qa4+ {[%emt 0:02:24]} Nbd7 {[%emt 0:00:10]} 6. Nc3 {[%emt 0:00:22]} g6 {[%emt 0:00:06]} 7. Nf3 {[%emt 0:00:24]} Bg7 {[%emt 0:00:10]} 8. Bc4 {[%emt 0:00:06]} a6 {[%emt 0:06:59]} 9. d3 {[%emt 0:00:53]} O-O {[%emt 0:00:21]} 10. Qa3 {[%emt 0:02:25]} b6 {[%emt 0:04:59]} 1-0

[Event "MGL-ch Men 2018"]
[Site "Archangai-Aimag"]
[Date "2018.05.25"]
[Round "7"]
[White "Gunbayar, Myagmarsuren"]
[Black "Nasanjargal, Urtnasan"]
[Result "0-1"]
[WhiteElo "2265"]
[BlackElo "2451"]
[Annotator "TA"]
[PlyCount "45"]
[EventType "tourn"]
[EventCountry "MGL"]
[SourceTitle "playchess.com"]
[Source "ChessBase"]
[SourceQuality "1"]

{[%evp 19,45,-21,-11,-6,0,-6,-12,-79,-43,-47,-39,-51,-19,-19,-12,0,-7,-19,14,13,32,0,3,0,0,-142,-140,-125]} 1. e4 c5 2. Nf3 d6 3. d4 cxd4 4. Nxd4 Nf6 5. Bd3 g6 6. O-O Bg7 7. Nc3 O-O 8. Kh1 Nc6 9. Nxc6 bxc6 10. f4 {B56: Classical Sicilian: Unusual Lines} Rb8 {LiveBook: 3 Games} 11. Rb1 Nd7 {[#] Hoping for ...Bxc3.} (11... Ng4 12. Qe1 Qb6 13. Bd2 Bd7 14. Na4 Qc7 {½-½ (62) Fogarasi,T (2419)-Rombaldoni,D (2465) Budapest 2009}) 12. Be3 {The position is equal.} Qa5 $146 ({Predecessor:} 12... a5 13. Qd2 Nb6 14. f5 Bd7 15. Bh6 c5 16. Rf3 Na4 17. Nxa4 Bxa4 {1-0 (26) Habada,J (1910)-Kanakova,N Ostrava 2010}) 13. Qf3 (13. Bd2 $11) 13... Nc5 14. Bxc5 Qxc5 15. Nd1 Be6 16. b3 Qa3 $36 {[%mdl 2048] Black has the initiative.} 17. Ne3 Qxa2 18. f5 Bd7 19. Nc4 Rbd8 20. Qg3 d5 21. exd5 cxd5 22. Ne5 {[#]} (22. fxg6 $11 {keeps the balance.} fxg6 23. Ne5) 22... Bxf5 $1 $17 23. Bxf5 {Precision: White = 45%, Black = 62%.} 0-1

[Event "MGL-ch Men 2018"]
[Site "Archangai-Aimag"]
[Date "2018.05.25"]
[Round "7"]
[White "Galmandakh, Badrakh"]
[Black "Bayarkhuu, Khurelchuluun"]
[Result "0-1"]
[WhiteElo "2227"]
[BlackElo "2038"]
[Annotator "ChessBase"]
[PlyCount "120"]
[EventType "tourn"]
[EventCountry "MGL"]
[SourceTitle "playchess.com"]
[Source "ChessBase"]
[SourceQuality "1"]
[TimeControl "40/5400+30:1800+30"]

1. d4 {[%emt 0:01:13]} Nf6 {[%emt 0:00:14]} 2. Nf3 {[%emt 0:01:10]} e6 {[%emt 0:00:06]} 3. Bf4 {[%emt 0:00:05]} c5 {[%emt 0:00:10]} 4. e3 {[%emt 0:00:04]} Nc6 {[%emt 0:00:23]} 5. Nbd2 {[%emt 0:00:14]} d5 {[%emt 0:00:15]} 6. c3 {[%emt 0:01:25]} Qb6 {[%emt 0:03:21]} 7. Qc2 {[%emt 0:00:21]} Nh5 {[%emt 0:00:29]} 8. Bg3 {[%emt 0:00:43]} Nxg3 {[%emt 0:00:38]} 9. hxg3 {[%emt 0:00:04]} h6 {[%emt 0:00:08]} 10. Be2 {[%emt 0:03:37]} Bd7 {[%emt 0:01:42]} 11. O-O {[%emt 0:01:32]} Rc8 {[%emt 0:00:28]} 12. Qb3 {[%emt 0:00:39]} Bd6 {[%emt 0:03:18]} 13. Rfe1 {[%emt 0:00:26]} O-O {[%emt 0:00:25]} 14. Rac1 {[%emt 0:01:51]} Rfd8 {[%emt 0:13:12]} 15. dxc5 {[%emt 0:03:00]} Bxc5 {[%emt 0:00:53]} 16. Qxb6 {[%emt 0:00:14]} Bxb6 {[%emt 0:01:17]} 17. Nb3 {[%emt 0:01:18]} Ne7 {[%emt 0:15:36]} 18. Nbd4 {[%emt 0:03:01]} a6 {[%emt 0:00:27]} 19. Red1 {[%emt 0:03:57]} Ng6 {[%emt 0:01:16]} 20. Rd2 {[%emt 0:02:36]} Ba4 {[%emt 0:04:39]} 21. Bd1 {[%emt 0:03:34]} Bxd1 {[%emt 0:01:21]} 22. Rcxd1 {[%emt 0:01:05]} Rc4 {[%emt 0:04:26]} 23. Ne2 {[%emt 0:02:05]} Rdc8 {[%emt 0:00:47]} 24. Nf4 {[%emt 0:00:09]} Ne7 {[%emt 0:00:43]} 25. Ne2 {[%emt 0:03:11]} Nf5 {[%emt 0:03:43]} 26. Ned4 {[%emt 0:02:00]} Nd6 {[%emt 0:01:23]} 27. Kf1 {[%emt 0:04:17]} Ra4 {[%emt 0:02:46]} 28. a3 {[%emt 0:00:48]} Rac4 {[%emt 0:02:17]} 29. Ke2 {[%emt 0:00:51]} Ne4 {[%emt 0:01:27]} 30. Rc2 {[%emt 0:00:45]} R4c7 {[%emt 0:00:29]} 31. Rdc1 {[%emt 0:02:27]} Ba7 {[%emt 0:04:33]} 32. g4 {[%emt 0:06:26]} g6 {[%emt 0:03:57]} 33. Ne5 {[%emt 0:08:15]} Kg7 {[%emt 0:00:05]} 34. f3 {[%emt 0:00:34]} Nd6 {[%emt 0:00:05]} 35. Nd3 {[%emt 0:01:41]} e5 {[%emt 0:07:32]} 36. Nxe5 {[%emt 0:01:58]} Re7 {[%emt 0:00:05]} 37. Nd3 {[%emt 0:06:30]} Nc4 {[%emt 0:00:07]} 38. Kf2 {[%emt 0:03:54]} Nxe3 {[%emt 0:02:00]} 39. Rd2 {[%emt 0:04:06]} Nc4 {[%emt 0:08:14]} 40. Re2 {[%emt 0:01:31]} Rxe2+ {[%emt 0:00:30]} 41. Kxe2 {[%emt 0:00:14]} Nxb2 {[%emt 0:00:07]} 42. Nxb2 {[%emt 0:03:50]} Bxd4 {[%emt 0:00:05]} 43. Kd3 {[%emt 0:06:07]} Bf6 {[%emt 0:03:23]} 44. Nd1 {[%emt 0:05:54]} b5 {[%emt 0:02:49]} 45. Rb1 {[%emt 0:02:33]} Rc4 {[%emt 0:00:28]} 46. Rb3 {[%emt 0:02:42]} d4 {[%emt 0:07:42]} 47. Rb4 {[%emt 0:00:54]} dxc3 {[%emt 0:01:36]} 48. Rxc4 {[%emt 0:00:21]} bxc4+ {[%emt 0:00:02]} 49. Kc2 {[%emt 0:00:10]} Bd4 {[%emt 0:00:04]} 50. Nxc3 {[%emt 0:00:08]} Kf6 {[%emt 0:00:14]} 51. Nd5+ {[%emt 0:02:14]} Ke5 {[%emt 0:00:25]} 52. Nb4 {[%emt 0:00:27]} a5 {[%emt 0:01:07]} 53. Nc6+ {[%emt 0:01:39]} Kd5 {[%emt 0:00:04]} 54. Nd8 {[%emt 0:00:24]} f5 {[%emt 0:00:38]} 55. gxf5 {[%emt 0:00:53]} gxf5 {[%emt 0:00:05]} 56. a4 {[%emt 0:02:24]} h5 {[%emt 0:05:00]} 57. Nf7 {[%emt 0:00:10]} Bf6 {[%emt 0:00:19]} 58. Nh6 {[%emt 0:02:16]} Ke6 {[%emt 0:00:06]} 59. g4 {[%emt 0:00:22]} fxg4 {[%emt 0:00:59]} 60. fxg4 {[%emt 0:00:01]} Bg5 {[%emt 0:00:36]} 0-1

[Event "MGL-ch Men 2018"]
[Site "Archangai-Aimag"]
[Date "2018.05.24"]
[Round "7"]
[White "Bayarmandakh, Balgan"]
[Black "Baasansuren, Erdene"]
[Result "0-1"]
[WhiteElo "2211"]
[BlackElo "2244"]
[Annotator "TA"]
[PlyCount "36"]
[EventType "tourn"]
[EventCountry "MGL"]
[SourceTitle "playchess.com"]
[Source "ChessBase"]
[SourceQuality "1"]

{[%evp 19,21,0,0,5]} 1. d4 Nf6 2. c4 g6 3. g3 Bg7 4. Bg2 O-O 5. e4 c5 6. d5 d6 7. Ne2 b5 8. cxb5 a6 9. bxa6 Bxa6 10. O-O Nbd7 {LiveBook: 6 Games} 11. Qc2 {[%mdl 32768] Loss on Time!? A58: Benko/Volga Gambit: Lines with 5 bxa6} {Predecessor:} Qb6 $146 12. Rd1 Rfb8 13. Nec3 Ng4 14. Bh3 Nde5 15. Kg2 h5 16. f3 Bc8 17. a4 Nc4 18. Bxg4 hxg4 {½-½ (55) Agdestein,S (2600)-Polgar,J (2630) Isle of Lewis 1995} 0-1

[Event "MGL-ch Men 2018"]
[Site "Archangai-Aimag"]
[Date "2018.05.25"]
[Round "7"]
[White "Bayarmandakh, Balgan"]
[Black "Baasansuren, Erdene"]
[Result "1-0"]
[WhiteElo "2211"]
[BlackElo "2244"]
[Annotator "ChessBase"]
[PlyCount "87"]
[EventType "tourn"]
[EventCountry "MGL"]
[SourceTitle "playchess.com"]
[Source "ChessBase"]
[SourceQuality "1"]
[TimeControl "40/5400+30:1800+30"]

1. d4 {[%emt 0:05:43]} Nf6 {[%emt 0:00:15]} 2. c4 {[%emt 0:00:00]} g6 {[%emt 0:00:12]} 3. g3 {[%emt 0:00:00]} Bg7 {[%emt 0:00:41]} 4. Bg2 {[%emt 0:00:00]} O-O {[%emt 0:00:37]} 5. e4 {[%emt 0:00:00]} c5 {[%emt 0:00:55]} 6. d5 {[%emt 0:00:27]} d6 {[%emt 0:00:34]} 7. Ne2 {[%emt 0:00:16]} b5 {[%emt 0:00:23]} 8. cxb5 {[%emt 0:00:11]} a6 {[%emt 0:00:13]} 9. bxa6 {[%emt 0:00:54]} Bxa6 {[%emt 0:00:23]} 10. O-O {[%emt 0:00:13]} Nbd7 {[%emt 0:00:33]} 11. Qc2 {[%emt 0:01:16]} Ne5 {[%emt 0:04:09]} 12. Rd1 {[%emt 0:00:15]} Qb6 {[%emt 0:20:30]} 13. Nbc3 {[%emt 0:00:50]} Rfb8 {[%emt 0:10:56]} 14. Rb1 {[%emt 0:05:45]} Qa5 {[%emt 0:09:18]} 15. h3 {[%emt 0:04:04]} Nfd7 {[%emt 0:02:42]} 16. Nf4 {[%emt 0:03:43]} Nc4 {[%emt 0:03:18]} 17. Nfe2 {[%emt 0:02:30]} Rb7 {[%emt 0:08:42]} 18. a4 {[%emt 0:11:29]} Qb4 {[%emt 0:05:39]} 19. b3 {[%emt 0:06:54]} Na3 {[%emt 0:02:36]} 20. Bxa3 {[%emt 0:00:09]} Qxa3 {[%emt 0:00:03]} 21. Bf1 {[%emt 0:00:19]} Rab8 {[%emt 0:17:49]} 22. Nc1 {[%emt 0:01:06]} Bxf1 {[%emt 0:01:53]} 23. Rxf1 {[%emt 0:00:54]} Bxc3 {[%emt 0:01:42]} 24. Qxc3 {[%emt 0:00:21]} Qb4 {[%emt 0:01:07]} 25. Qe3 {[%emt 0:10:49]} c4 {[%emt 0:01:13]} 26. Rd1 {[%emt 0:08:28]} Qa3 {[%emt 0:04:19]} 27. Rd4 {[%emt 0:01:03]} cxb3 {[%emt 0:00:25]} 28. Kg2 {[%emt 0:02:23]} Nc5 {[%emt 0:01:20]} 29. e5 {[%emt 0:01:26]} dxe5 {[%emt 0:01:02]} 30. Rc4 {[%emt 0:00:46]} Nxa4 {[%emt 0:00:14]} 31. Qh6 {[%emt 0:01:11]} e6 {[%emt 0:01:36]} 32. Rh4 {[%emt 0:00:38]} f6 {[%emt 0:00:31]} 33. Rxb3 {[%emt 0:00:09]} Rxb3 {[%emt 0:00:41]} 34. Qxh7+ {[%emt 0:00:08]} Kf8 {[%emt 0:00:07]} 35. Nxb3 {[%emt 0:00:52]} Qxb3 {[%emt 0:00:32]} 36. Qd7 {[%emt 0:00:32]} Kg8 {[%emt 0:00:51]} 37. Qxe6+ {[%emt 0:00:14]} Kg7 {[%emt 0:00:04]} 38. Qd7+ {[%emt 0:00:14]} Kg8 {[%emt 0:00:07]} 39. Rh7 {[%emt 0:00:31]} Rb7 {[%emt 0:01:18]} 40. Qxb7 {[%emt 0:00:09]} Qxb7 {[%emt 0:00:04]} 41. Rxb7 {[%emt 0:00:26]} Kf8 {[%emt 0:00:23]} 42. h4 {[%emt 0:00:16]} Nc3 {[%emt 0:00:12]} 43. d6 {[%emt 0:00:24]} Ne4 {[%emt 0:00:02]} 44. Rb8+ {[%emt 0:00:09]} 1-0

[Event "MGL-ch Men 2018"]
[Site "Archangai-Aimag"]
[Date "2018.05.28"]
[Round "11"]
[White "Munkhgal, Gombosuren"]
[Black "Bilguun, Sumiya"]
[Result "1/2-1/2"]
[WhiteElo "2435"]
[BlackElo "2481"]
[Annotator "TA"]
[PlyCount "50"]
[EventType "tourn"]
[EventCountry "MGL"]
[SourceTitle "playchess.com"]
[Source "ChessBase"]
[SourceQuality "1"]

{[%evp 19,50,16,23,12,30,30,46,41,56,62,53,59,72,43,79,41,41,21,37,37,50,29,41,35,47,20,22,4,6,0,0,0,0]} 1. d4 d5 2. c4 e6 3. Nf3 Nf6 4. Bg5 c6 5. e3 Be7 6. Nc3 O-O 7. Bd3 Nbd7 8. O-O h6 9. Bh4 b6 10. cxd5 {D60: Queen's Gambit Declined: Classical: Unusual White 7th moves} (10. Qe2 Bb7 11. Rad1 Re8 12. Rfe1 a6 13. Ne5 c5 14. Nxd7 Nxd7 15. Bxe7 Qxe7 16. cxd5 exd5 17. Bf5 Nf6 {1-0 (72) Morozevich,A (2763)-Kovalenko,I (2587) Jurmala 2012}) 10... Nxd5 {LiveBook: 3 Games} 11. Bxe7 Nxe7 12. Ne4 {White has an edge.} Bb7 13. Rc1 Rb8 $146 ({Predecessor:} 13... Qb8 14. Bb1 Rd8 15. Qc2 g6 16. Nfd2 Nd5 17. Nc4 Ba6 18. Rfd1 Bxc4 19. Qxc4 Rc8 20. Nc3 N7f6 21. e4 Nxc3 22. Rxc3 c5 23. Rdc1 Qb7 24. dxc5 Rxc5 25. Qd4 e5 26. Qe3 {½-½ (26) Filip,M (1952)-Ocepek,M (1756) Celje 2004}) 14. b4 Nd5 15. a3 Qe7 16. Ne5 Rbc8 {[%cal Bb8c8,Bc8c7,Bc7d7][%mdl 32]} 17. Nxd7 Qxd7 18. Qe2 Qe7 19. Qb2 Rc7 20. Rfd1 Ra8 21. Nc3 Nxc3 22. Rxc3 e5 {The position is equal.} 23. Bb1 Rd7 24. Qc2 {[#] Qh7+ would kill now.} g6 25. Rcd3 Rad8 {Precision: White = 38%, Black = 52%.} 1/2-1/2

[Event "MGL-ch Men 2018"]
[Site "Archangai-Aimag"]
[Date "2018.05.28"]
[Round "11"]
[White "Gunbayar, Myagmarsuren"]
[Black "Enkhnar, Enkhbaatar"]
[Result "1/2-1/2"]
[WhiteElo "2265"]
[BlackElo "2401"]
[Annotator "NA"]
[PlyCount "146"]
[EventType "tourn"]
[EventCountry "MGL"]
[SourceTitle "playchess.com"]
[Source "ChessBase"]
[SourceQuality "1"]
[TimeControl "40/5400+30:1800+30"]

1. Nf3 {[%emt 0:00:20]} Nf6 {[%emt 0:00:03]} 2. g3 {[%emt 0:00:10]} b6 {[%emt 0:00:18]} 3. Bg2 {[%emt 0:00:06]} Bb7 {[%emt 0:00:05]} 4. O-O {[%emt 0:00:05]} c5 {[%emt 0:00:06]} 5. c4 {[%emt 0:00:22]} g6 {[%emt 0:00:06]} 6. e3 {[%emt 0:00:04]} Bg7 {[%emt 0:00:52]} 7. d4 {[%emt 0:00:07]} O-O {[%emt 0:00:05]} 8. Nc3 {[%emt 0:00:37]} Ne4 {[%emt 0:00:16]} 9. Qc2 {[%emt 0:00:32]} Nxc3 {[%emt 0:00:13]} 10. bxc3 {[%emt 0:00:29]} d6 {[%emt 0:00:19]} 11. e4 {[%emt 0:01:16]} Nc6 {[%emt 0:01:00]} 12. d5 {[%emt 0:00:13]} Na5 {[%emt 0:00:16]} 13. Nd2 {[%emt 0:00:41]} Ba6 {[%emt 0:00:09]} 14. Qd3 {[%emt 0:00:11]} Qd7 {[%emt 0:00:24]} 15. a4 {[%emt 0:00:16]} e6 {[%emt 0:00:16]} 16. Rd1 {[%emt 0:01:05]} exd5 {[%emt 0:00:23]} 17. exd5 {[%emt 0:00:14]} Rae8 {[%emt 0:01:07]} 18. Bf1 {[%emt 0:00:09]} Re7 {[%emt 0:01:07]} 19. Bb2 {[%emt 0:00:42]} Rfe8 {[%emt 0:00:20]} 20. Qb1 {[%emt 0:01:00]} h5 {[%emt 0:00:43]} 21. Qa2 {[%emt 0:00:09]} Qf5 {[%emt 0:00:33]} 22. Qb1 {[%emt 0:02:07]} Qd7 {[%emt 0:00:55]} 23. Qc2 {[%emt 0:00:59]} Bh6 {[%emt 0:00:20]} 24. Nb3 {[%emt 0:00:07]} Nxc4 {[%emt 0:01:41]} 25. Bc1 {[%emt 0:00:39]} Bxc1 {[%emt 0:01:43]} 26. Qxc1 {[%emt 0:01:50]} Qc8 {[%emt 0:00:12]} 27. a5 {[%emt 0:00:13]} Ne5 {[%emt 0:01:40]} 28. Bxa6 {[%emt 0:00:07]} Qxa6 {[%emt 0:05:42]} 29. axb6 {[%emt 0:00:17]} Qxb6 {[%emt 0:00:57]} 30. Na5 {[%emt 0:00:06]} c4 {[%emt 0:00:32]} 31. Qf4 {[%emt 0:01:14]} Nd3 {[%emt 0:00:49]} 32. Qd4 {[%emt 0:00:03]} Qxd4 {[%emt 0:00:12]} 33. cxd4 {[%emt 0:00:03]} Re2 {[%emt 0:00:10]} 34. Nxc4 {[%emt 0:01:40]} Nxf2 {[%emt 0:00:06]} 35. Rd2 {[%emt 0:00:08]} Rxd2 {[%emt 0:01:02]} 36. Nxd2 {[%emt 0:00:02]} Ne4 {[%emt 0:00:09]} 37. Nxe4 {[%emt 0:01:14]} Rxe4 {[%emt 0:00:05]} 38. Ra6 {[%emt 0:00:04]} Rxd4 {[%emt 0:00:17]} 39. Rxd6 {[%emt 0:00:04]} Kg7 {[%emt 0:00:21]} 40. Kg2 {[%emt 0:01:26]} Rd2+ {[%emt 0:00:06]} 41. Kg1 {[%emt 0:01:37]} a5 {[%emt 0:00:07]} 42. Rd8 {[%emt 0:00:46]} Kf6 {[%emt 0:00:25]} 43. d6 {[%emt 0:00:04]} Rd5 {[%emt 0:00:12]} 44. Ra8 {[%emt 0:00:18]} Ke6 {[%emt 0:01:10]} 45. Ra6 {[%emt 0:00:37]} Rd1+ {[%emt 0:00:52]} 46. Kg2 {[%emt 0:00:11]} Rd2+ {[%emt 0:00:06]} 47. Kg1 {[%emt 0:00:12]} Ra2 {[%emt 0:00:07]} 48. h3 {[%emt 0:00:30]} a4 {[%emt 0:00:13]} 49. Kh1 {[%emt 0:00:17]} a3 {[%emt 0:00:07]} 50. Kg1 {[%emt 0:00:02]} f5 {[%emt 0:00:16]} 51. h4 {[%emt 0:00:19]} Kd7 {[%emt 0:02:18]} 52. Kh1 {[%emt 0:00:09]} Ke6 {[%emt 0:05:14]} 53. Kg1 {[%emt 0:00:15]} Kf6 {[%emt 0:02:46]} 54. d7+ {[%emt 0:00:52]} Ke7 {[%emt 0:00:06]} 55. Ra7 {[%emt 0:00:02]} Rd2 {[%emt 0:02:21]} 56. Rxa3 {[%emt 0:00:04]} Rxd7 {[%emt 0:00:05]} 57. Kf2 {[%emt 0:00:15]} Rd6 {[%emt 0:00:01]} 58. Kf3 {[%emt 0:00:28]} Kf6 {[%emt 0:00:05]} 59. Rb3 {[%emt 0:00:05]} g5 {[%emt 0:00:04]} 60. hxg5+ {[%emt 0:00:12]} Kxg5 {[%emt 0:00:03]} 61. Rb8 {[%emt 0:00:52]} Rd3+ {[%emt 0:00:39]} 62. Kg2 {[%emt 0:00:02]} Rd6 {[%emt 0:00:15]} 63. Rg8+ {[%emt 0:00:11]} Rg6 {[%emt 0:00:04]} 64. Ra8 {[%emt 0:00:03]} h4 {[%emt 0:00:11]} 65. gxh4+ {[%emt 0:00:30]} Kxh4+ {[%emt 0:00:17]} 66. Kf3 {[%emt 0:00:02]} Kg5 {[%emt 0:00:06]} 67. Rb8 {[%emt 0:00:11]} Ra6 {[%emt 0:00:07]} 68. Rg8+ {[%emt 0:00:06]} Kf6 {[%emt 0:00:05]} 69. Rf8+ {[%emt 0:00:20]} Ke6 {[%emt 0:00:07]} 70. Re8+ {[%emt 0:00:06]} Kf7 {[%emt 0:00:02]} 71. Rb8 {[%emt 0:00:07]} Ra1 {[%emt 0:00:07]} 72. Rb6 {[%emt 0:00:09]} Ra4 {[%emt 0:00:07]} 73. Rc6 {[%emt 0:00:27]} Rb4 {[%emt 0:00:05]} 1/2-1/2

[Event "MGL-ch Men 2018"]
[Site "Archangai-Aimag"]
[Date "2018.05.28"]
[Round "11"]
[White "Baasansuren, Erdene"]
[Black "Nasanjargal, Urtnasan"]
[Result "1/2-1/2"]
[WhiteElo "2244"]
[BlackElo "2451"]
[Annotator "TA"]
[PlyCount "90"]
[EventType "tourn"]
[EventCountry "MGL"]
[SourceTitle "playchess.com"]
[Source "ChessBase"]
[SourceQuality "1"]

{[%evp 28,90,0,0,0,-13,0,-8,-7,0,0,-11,46,45,51,51,51,51,51,0,16,0,0,0,0,8,5,0,0,0,0,0,0,0,0,0,0,0,0,0,0,0,0,0,0,0,0,0,0,0,0,0,0,0,0,0,0,0,0,0,0,0,0,0,0]} 1. d4 g6 2. c4 Bg7 3. Nf3 Nf6 4. Nc3 O-O 5. g3 d5 6. cxd5 Nxd5 7. Bg2 Nb6 8. O-O Nc6 9. e3 e5 10. dxe5 Nxe5 11. Nxe5 Bxe5 12. e4 Qxd1 13. Rxd1 Bg4 14. f3 Be6 15. f4 Bxc3 {D76: Fianchetto Grünfeld: Main Line with 7...Nb6} 16. bxc3 Rfd8 17. Be3 Rxd1+ 18. Rxd1 Bxa2 19. e5 Rb8 $146 (19... c6 $11) ({Predecessor:} 19... a5 20. Bxb7 Rb8 21. Bc6 Bb3 22. Ra1 a4 23. Bc5 {½-½ (60) Ganaus,H (2320)-Moser,E (2361) Graz 2005}) 20. Ra1 $14 Bc4 21. Rxa7 Ba6 {[#] Threatens to win with ...Nc8.} 22. Bxb6 $1 cxb6 {[%mdl 4096] Endgame KRB-KRB} 23. c4 (23. Bd5 $14) 23... Kf8 {The position is equal.} 24. Kf2 Ke7 25. Bc6 Bxc4 26. Bxb7 Kf8 27. Ke3 Be6 28. g4 b5 {[%cal Bb6b5,Bb5b4,Bb4b3][%mdl 32]} 29. Be4 Bxg4 30. Bd5 Be6 31. Bxe6 fxe6 32. Rxh7 $11 {KR-KR} Rb6 33. Kd3 b4 {[#] Strongly threatening ...b3.} 34. Kc2 b3+ 35. Kb2 Rb4 36. Rh6 Kg7 37. Rh4 Kg8 38. Rh6 Kf7 39. Rh7+ Kg8 40. Rh6 Kg7 41. Rh4 Kg8 42. Rh6 Kg7 43. Rh4 Kg8 44. Rh6 Kg7 45. Rh4 Kg8 {Precision: White = 69%, Black = 67%.} 1/2-1/2